000 00945nam a2200277Ia 4500
003 OSt
005 20220923211619.0
006 a|||||r|||| 00| 0
007 ta
008 220922b |||||||| |||| 00| 0 san d
024 _a9,922
037 _cTextual
040 _aARTS
_cARTS
_bsan
041 _2san
_asan
082 _aO11:21:gxH58,1, 15K9;M6
100 _aसायणाचार्य
245 0 _aऋग्वेदभाष्यभूमिका, धीरेन्द्र कुमार वर्मा व्याख्या
246 _aṚugvedabhāṣhyabhūmikā, dhīrendra kumār varmā vyākhyā
250 _a3तक
260 _c1980
300 _a9ए141चण्
_ccm.
490 _aGakuldas sanskrit series( 40
650 _aभारतीय दर्शन
942 _hO11:21:gxH58,1, 15K9;M6
_cTEXL
_2CC
999 _c301457
_d301457